Countries of the World by GDP per Capita - Statistics

General Stats
  • This quiz has been taken 63 times
  • The average score is 94 of 186
Answer Stats
GDP per Capita Clue Answer % Correct
$99,506 Small European country south of Belgium Luxembourg
95%
$85,382 Small Asian island Singapore
95%
$65,806 Only country to border The UK Ireland
93%
$70,542 Oil rich country Saddam Hussein tried to annex Kuwait
93%
$132,870 Oil rich country and the richest in the world Qatar
93%
$44,148 Eu's Capital Belgium
91%
$41,476 Napoleon France
91%
$46,974 Hitler rose to power in this country Germany
91%
$53,802 Huge Arabian, oil rich country Saudi Arabia
91%
$48,199 Scandinavian country, IKEA Sweden
91%
$46,833 Not recognised as a country by China, average sized island Taiwan
91%
$67,217 Oil rich country, home of tallest building in the world United Arab Emirates
91%
$56,084 Most of the people on this website are from here United States
91%
$49,601 Tiny Arabian oil rich country, island Bahrain
89%
$79,508 Small Asian island bordering Malaysia Brunei
89%
$45,602 Everyone wants to move here because of Donald Trump Canada
89%
$45,723 Only borders Germany Denmark
89%
$35,781 Pizzaaaa Italy
89%
$68,591 European oil rich country Norway
89%
$58,647 Skiing haven in the Alps Switzerland
89%
$41,109 Smallest Scandinavian country Finland
86%
$36,042 Island south of Italy Malta
86%
$43,707 Muscat is the capital of this oil rich country Oman
86%
$33,138 Half is Greek, half is Turkish Cyprus
84%
$38,142 Asian country that suffers from major tsunamis Japan
84%
$36,612 The more 'favourable' of the two kor__s South Korea
84%
$34,861 Paella and football Spain
84%
$47,644 Home of 2000 olympics Australia
82%
$49,624 This country's coffee shops sell weed! Netherlands
82%
$46,986 Hosted multiple winter olympics, similar spelling to country above Austria
80%
$27,885 Part of Iberia Portugal
80%
$29,758 Smaller part of Czechoslovakia Slovakia
80%
$30,918 Ljubljana is the capital Slovenia
80%
$28,650 Northernmost Baltic nation Estonia
77%
$26,275 Capital is Bu__pe__ Hungary
77%
$62,938 Landlocked European micronation San Marino
77%
$32,573 Caribbean country, capital is Port of Spain Trinidad and Tobago
77%
$32,076 Mid-European country that has a z in Czech Republic
75%
$28,413 A different baltic nation Lithuania
75%
$36,136 Maori is one of the languages of this country New Zealand
75%
$26,499 Country that got invaded triggered the start of WW2 Poland
75%
$41,499 Consists of 4 different "countries" United Kingdom
75%
$25,965 One of the two strongest countries in the world Russia
73%
$45,666 Country still believes in Elves Iceland
70%
$26,211 Has a bridge that goes to Singapore Malaysia
70%
$24,505 Close to Florida The Bahamas
70%
$43,522 Richest African country, very small Equatorial Guinea
68%
$24,652 Another baltic nation Latvia
68%
$25,912 Secong biggest country from USSR Kazakhstan
66%
$21,809 Has a canal going through it Panama
66%
$26,677 African Island Seychelles
66%
$21,341 Luis Suarez, small south american country Uruguay
64%
$20,499 Messi, Falkland islands Argentina
61%
$18,430 Donald Trump wants to build a wall here Mexico
61%
$23,507 Very thin country Chile
59%
$18,277 Borders Syria and Israel Lebanon
59%
$20,872 Capital sounds like Budapest Romania
59%
$14,340 A LOT of people China
57%
$17,715 Only country in Europe that still has the death penalty Belarus
55%
$16,415 Country north of South Africa Botswana
55%
$15,646 Hosted the 2016 olympics Brazil
55%
$15,023 One half of Hispaniola Dominican Republic
55%
$11,317 Quito is the capital Ecuador
55%
$9,591 Same name as a US state Georgia
55%
$17,346 Americans view this country as the most dangerous to world peace Iran
55%
$14,679 Northern African country Libya
55%
$14,895 Islands south of India Maldives
55%
$12,178 Huge country in Asia Mongolia
55%
$16,016 Former Yugoslavian country Montenegro
55%
$9,050 Landlocked country in South America Paraguay
55%
$12,518 Machu picchu Peru
55%
$16,253 Small country in the north of South America Suriname
55%
$9,712 Landlocked by mainly South Africa Swaziland
55%
$16,130 Country in Indochina Thailand
55%
$16,478 Former USSR country, capital is Ashgabat Turkmenistan
55%
$7,987 Chernobyl disaster happened here Ukraine
55%
$16,784 Socialist South American country Venezuela
55%
$18,030 Baku is the capital Azerbaijan
52%
$13,836 Big supplier of Cocaine to USA Colombia
52%
$15,469 Country in Central America Costa Rica
52%
$13,572 Small Caribbean island beginning with G Grenada
52%
$7,537 Small country in South America Guyana
52%
$15,186 ISIS have territory in this country, Bush Iraq
52%
$34,054 Controls the world, basically Israel
52%
$8,180 Can see from Gibralter Morocco
52%
$13,699 Kosovo broke away from this country Serbia
52%
$13,209 Has 3 different capitals South Africa
52%
$10,590 Island near India Sri Lanka
52%
$11,451 Small, tourist resort in Northern Africa Tunisia
52%
$6,958 North of Namibia Angola
50%
$23,523 Has two big islands that this country is named after, Carbbean Antigua and Barbuda
50%
$8,492 Turkey comitted genocide here Armenia
50%
$8,321 Borders Mexico Belize
50%
$7,690 In the Himalayas Bhutan
50%
$19,169 European country bordering the Black Sea Bulgaria
50%
$8,620 Country in Central America El Salvador
50%
$7,759 Another country in Central America Guatemala
50%
$9,758 Broke away from Serbia recently Kosovo
50%
$11,304 Southern Europe country, mainly muslim Albania
48%
$16,670 Holiday resort in the Caribbean Barbados
48%
$6,954 Big country in South America Bolivia
48%
$11,803 Northern African tourist resort Egypt
48%
$14,048 Another former Yugoslavian country Macedonia
48%
$19,573 Another small African island Mauritius
48%
$5,480 Formely Burma- WILL NOT ACCEPT BURMA Myanmar
48%
$5,044 Central American country Nicaragua
48%
$6,121 Highly populated African country Nigeria
48%
$4,715 Only country that starts with East East Timor
45%
$4,291 Accra is the capital Ghana
45%
$26,391 Have a lot of gods Greece
45%
$11,149 Indochina without the China Indonesia
45%
$8,771 Usain Bolt Jamaica
45%
$10,902 Middle eastern country Jordan
45%
$11,224 Africa, one of the least densely popualated countries Namibia
45%
$4,906 Big country next to India Pakistan
45%
$3,852 Starts with Z Zambia
45%
$3,629 Mainly bordering India Bangladesh
43%
$3,498 Country in Indochina Cambodia
43%
$5,047 Poorest European country Moldova
43%
$21,625 European country with quite a few islands Croatia
41%
$6,187 Huge country, huge population India
41%
$3,495 Borders Indonesia Papua New Guinea
41%
$10,937 Caribbean country, capital is Kingstown Saint Vincent and the Grenadines
41%
$6,081 Former USSR Uzbekistan
41%
$6,502 Islands off Africa Cape Verde
39%
$15,213 Tiny country in Oceania that uses the US Dollar Palau
39%
$5,136 Oceania country that is probably better at rugby Tonga
39%
$3,359 Drogba and other footballers Cote d'Ivoire
36%
$5,091 Murder capital of the world Honduras
36%
$11,710 Saint _____ in the Caribbean Saint Lucia
36%
$5,183 Oceania country that is good at rugby Samoa
36%
$4,394 Part broke away recently Sudan
36%
$18,677 Aubameyang, small French speaking African country Gabon
34%
$3,395 Former USSR Kyrgyzstan
34%
$2,463 Himalayas Nepal
34%
$10,550 Genocide happened in 1995 Bosnia and Herzegovina
32%
$831 Right by Rwanda Burundi
32%
$3,250 Islands off Africa Sao Tome and Principe
32%
$2,456 Completely around Gambia Senegal
32%
$2,676 Southern Middle East country Yemen
32%
$767 Huge in the middle of Africa Dem. Rep. of the Congo
30%
$1,804 Addis Abababababababababa Ethiopia
30%
$9,052 Won the rugby sevens olmypic title in 2016 Fiji
30%
$1,757 West part of Hispaniola Haiti
30%
$3,218 Country in East Africa, reasonably large Kenya
30%
$3,193 Group of islands in Oceania Marshall Islands
30%
$2,961 Federated states of Micronesia
30%
$24,476 Kim Collins came from here Saint Kitts and Nevis
30%
$3,400 Country in Oceania Tuvalu
30%
$1,984 Another country that begins with Z Zimbabwe
30%
$1,937 Taliban, Al-Qaeda Afghanistan
27%
$1,300 Borders Ethiopia and Sudan Eritrea
27%
$1,238 4 up without Bissau Guinea
27%
$20,420 Tension with Russia, military coup Turkey
27%
$2,113 Thin West African country Benin
25%
$7,282 Suffers from regular tsunamis Philippines
25%
$1,995 Broke off from another African country in 2012 South Sudan
25%
$11,163 Take away -n republic Dominica
23%
$5,351 Communist country Laos
23%
$3,003 Landlocked by South Africa Lesotho
23%
$2,191 Big African country north-ish Mali
23%
$6,722 Central Africa-ish, farther west Republic of the Congo
23%
$628 The poorest country in the world ;) Central African Republic
20%
$1,511 Tiny nation in West Africa Guinea-Bissau
20%
$1,126 Thin, in southern Africa Malawi
20%
$1,077 Big, in northern Africa, slightly west Niger
20%
$1,810 Genocide recently where over 900,000 people died Rwanda
20%
$1,955 Group of islands in Oceania Solomon Islands
20%
$2,835 Former USSR Tajikistan
20%
$1,522 Island off Africa Comoros
18%
$3,210 African country thats got the same capital as the country name Djibouti
18%
$1,778 Country in Oceania Kiribati
18%
$1,192 East coast of Africa Mozambique
18%
$6,037 Pointless war Vietnam
18%
$1,727 In West Africa, small but not tiny Burkina Faso
16%
$1,650 Tiny thin strip in West Africa Gambia
16%
$1,489 Very small nation in West Africa Togo
16%
$875 George Weah, most reliant upon aid in the world (PP) Liberia
14%
$1,466 Home to incredible wildlife off Africa Madagascar
14%
$1,593 West Africa small nation Sierra Leone
14%
$2,910 Reasonably large country in Africa Tanzania
14%
$2,640 Main guy in High School Musical, country looks like a head Chad
11%
$4,311 Drink a lot of tea, Africa Mauritania
9%
$3,148 African country on the West Coast Cameroon
7%
$2,002 Popular safari resort in Africa, Small Uganda
7%
$2,555 Country in Oceania Vanuatu
7%
No matching quizzes found
Score Distribution
Percent of People with Each Score
Percentile by Number Answered
Your Score History
You have not taken this quiz